Title in the Lyrics -- Songs From 2013 - Statistics

General Stats
  • This quiz has been taken 1,339 times
  • The average score is 11 of 15
Answer Stats
Lyrics Title % Correct
I got the eye of the tiger, a fighter, dancing through the fire / 'Cause I am a champion and you're gonna hear me ____ Roar
96%
Because I'm _____ / Clap along if you feel like a room without a roof Happy
93%
I came in like a ________ ____ / I never hit so hard in love Wrecking Ball
93%
But baby, I've been, I've been praying hard / Said no more counting dollars / We'll be ________ _____ Counting Stars
92%
When I am with you, there's no place I'd ______ __ Rather Be
92%
Why you gotta be so ____? / Don't you know I'm human too Rude
90%
So ____ __ __ when it's all over / When I'm wiser and I'm older Wake Me Up
83%
She's up all night for good fun / I'm up all night to ___ _____ Get Lucky
81%
And we'll never be ______ (______) / It don't run in our blood Royals
77%
____ ____ __ _ ______ / Just a little bit's enough / Just a second we're not broken just bent Just Give Me a Reason
64%
What ___ ___ say? Wa-pa-pa-pa-pa-pa-pow! / Wa-pa-pa-pa-pa-pa-pow! / Wa-pa-pa-pa-pa-pa-pow! The Fox
64%
The _____ __ __ ____, I take her home / I drive all night to keep her warm and time... / Is frozen Story of My Life
55%
_______ ____ ___ ______ now we're here / _______ ____ ___ ______ now my whole team here Started From the Bottom
32%
As long as I've got my ____ ___ ___ / I'ma leave it all on the floor tonight / And you got fixed up to the nines / Let me show you a few things Suit & Tie
31%
You're far from plastic / Talk about getting blasted / I hate these _______ _____ Blurred Lines
24%
No matching quizzes found
Score Distribution
Percent of People with Each Score
Percentile by Number Answered
Your Score History
You have not taken this quiz